[Event "ROM-ch"]
[Site "Eforie Nord"]
[Date "2024.02.25"]
[Round "2"]
[White "Burtea, Marius Valentin"]
[Black "Gales, Randi Ioan"]
[Result "0-1"]
[WhiteElo "1770"]
[BlackElo "2062"]
[PlyCount "74"]
[EventDate "2024.02.24"]
[EventType "swiss"]
[EventRounds "9"]
[EventCountry "ROU"]
[SourceTitle "CB10_2024"]
[SourceDate "2024.03.06"]
[SourceVersion "1"]
[SourceVersionDate "2024.03.06"]
[SourceQuality "1"]

1. Nf3 Nf6 2. g3 d5 3. Bg2 e6 4. 0-0 Be7 5. d4 0-0 6. c4 c6 7. Qc2 b6 8. Ne5 Nfd7 9. Nd3 a5 10. b3 Ba6 11. Bb2 b5 12. c5 b4 13. a3 bxa3 14. Rxa3 Bf6 15. f4 Bxd3 16. exd3 Na6 17. Bc3 Nb4 18. Qd2 Qb8 19. Ra4 Qb5 20. Rd1 Rfb8 21. Na3 Qb7 22. Rb1 g6 23. Bf1 Bg7 24. Qb2 f6 25. Nc2 Nxc2 26. Qxc2 e5 27. fxe5 fxe5 28. Bh3 Re8 29. Bxd7 Qxd7 30. dxe5 Bxe5 31. Bxe5 Rxe5 32. Rf1 Rae8 33. Qf2 Qe7 34. Qf6 Qxf6 35. Rxf6 Re2 36. Rxc6 Rc2 37. Rc7 Re1# 0-1